| 000 | 00493cam a2200193ua 4500 | ||
|---|---|---|---|
| 001 | 6862 | ||
| 005 | 20260515114122.0 | ||
| 008 | 140311n ii |||gr||||Z||||||asm | ||
| 040 | _cMAIN | ||
| 082 | _a651 | ||
| 245 |
_aSachib prakaran _cBy Krishnakanta Kalita |
||
| 250 | _a1st ed. | ||
| 260 |
_aGuwahati: _bUniversity publication department, _c1993. |
||
| 300 | _ax,318p. | ||
| 653 | _aOffice services | ||
| 653 | _aSachib prakaran | ||
| 700 |
_aKalita,Krishnakanta, _eAuthor. |
||
| 942 | _cBK | ||
| 999 |
_c6004 _d6004 |
||